Responses for Show #8363 - Wednesday, March 24, 2021

Champion's winnings & consolation amounts matched to HealthCorps.

Contestants

[<< previous game]

Jon Marshall, an attorney originally from Hot Springs, Arkansas

Bonnie Hagan, a product support representative from Colorado Springs, Colorado

Amal Dorai, a product manager originally from Lexington, Massachusetts (whose 1-day cash winnings total $14,600)

[next game >>]

Jeopardy! Round responses

I LOVE A PARADE
THE PLANT WORLD
THE NEBULA AWARDS
ABOUT THAT SONG
THE PROBLEM IS...
BEYOND ME
(Mehmet: In this category, all the responses will have to follow "me" in the dictionary, "M-E".)
    $200 11
the Rose Parade

Jon
    $200 1
the Lenten rose (Lent)

Amal
    $200 6
Bradbury

Bonnie
    $200 16
Pharrell

Jon
    $200 30
chess

Amal
    $200 21
a mensch

Amal
    $400 12
Orange County

Jon
    $1,000 2
cherry trees

Amal
    $400 7
Dune

Jon
    $400 17
the "Monster Mash"

Jon
    $400 29
(Jon: What is the trolley problem?)
(Bonnie: What is suffering?)

evil

BonnieJon
Triple Stumper
    $400 22
measure

Amal
    $600 13
grand marshal

Bonnie
    $600 3
a rubber tree

Jon
    $600 8
Black Mirror

Amal
    $600 18
"Closing Time"

Bonnie
    $600 26
gravity

Amal
    $600 23
a meat market

Amal
    $800 14
(Jon: What is Columbus? Knights of Columbus. Who are the Knights of Columbus?)

the Knights of Labor

Jon
Triple Stumper
    $800 4
(Amal: What is nectar?)

pollen

AmalJon
    $800 9
American Gods

Jon
    $800 19
"The Devil Went Down To Georgia"

Bonnie
    $800 27
The Da Vinci Code

Bonnie
    $800 24
mealy

Jon
    $1000 15
(Bonnie: What is the host nation?)

Greece

BonnieJon
    $1000 5
walnuts

Bonnie
    $1000 10
Annihilation

Triple Stumper
    $1000 20
Cuban Missile Crisis

Triple Stumper
    $1000 28
the map problem

Bonnie
    $1000 25
meander

Bonnie

Scores at the first commercial break (after clue 15):

Amal Bonnie Jon
$1,000 $800 $3,400

Scores at the end of the Jeopardy! Round:

Amal Bonnie Jon
$3,000 $4,600 $4,400

Double Jeopardy! Round responses

KINGS & QUEENS
OTHER WALKS OF FAME
BODIES OF WATER FILED UNDER B
ESSAYS
THE STAR OF OSCARS'S BEST PICTURE
WORDS THAT START WITH 2 CONSECUTIVE LETTERS
(Mehmet: Like "abacus", we have back-to-back letters starting the word.)
    $400 29
Rome

Bonnie
    $400 11
Beverly Hills

Bonnie
    $400 1
the Indian Ocean

Amal
    $400 27
Poetry

Triple Stumper
    $400 26
(Mehmet: We have less than a minute.)

Julie Andrews

Amal
    $400 6
effort

Jon
    $800 12
Thailand

Jon
    $800 13
Pennsylvania

Bonnie
    $800 2
(Amal: What is Northern Ireland?)

Wales

AmalJon
    $800 28
Ralph Waldo Emerson

Triple Stumper
    $800 22
Chicago

Jon
    $800 23
absorbent

Bonnie
    $1200 14
Marie Antoinette

Jon
    $2,600 10
Hong Kong

Jon
    $1200 3
the Beaufort

Bonnie
    $1200 20
Misspent

Amal
    $1200 21
Michael Keaton

Jon
    $1200 8
(Amal: What is the femur?)

the hip bone

Amal
Triple Stumper
    $1600 16
(Amal: What is Sweden?)

Norway

AmalJon
    $1600 15
Wayne Newton

Jon
    $1600 4
Suriname

Amal
    $5,300 19
Bethlehem

Amal
    $1600 24
Slumdog Millionaire

Jon
    $1600 7
ghee

Bonnie
    $2000 17
Queen Rania

Amal
    $2000 30
the Castro

Amal
    $2000 5
Big Bear Lake

Jon
    $2000 18
Malthus

Amal
    $2000 25
Sally Hawkins

Triple Stumper
    $2000 9
demographics

Jon

Scores at the end of the Double Jeopardy! Round:

Amal Bonnie Jon
$14,300 $9,800 $21,000

[wagering suggestions for these scores]

Final Jeopardy! Round responses

INTERNATIONAL BUSINESS
(Mehmet: [To Bonnie] You value something more if you put it together yourself.)
BonnieWhat is the Ikea effect?
$9,795
AmalWhat is the IKEA effect?
$14,300
JonWhat is the Chia Pet Effect
$7,777
IKEA

Final scores:

Amal Bonnie Jon
$28,600 $19,595 $13,223
2-day champion: $43,200 2nd place: $2,000 3rd place: $1,000

Game dynamics:

Coryat scores:

Amal Bonnie Jon
$10,000 $9,800 $19,600
16 R
(including 2 DDs),
4 W
14 R,
2 W
22 R
(including 1 DD),
2 W

Combined Coryat: $39,400

[game clues] [game scores] [suggest correction]

Game tape date: 2021-02-01
The J! Archive is created by fans, for fans. Scraping, republication, monetization, and malicious use prohibited; this site may use cookies and collect identifying information. See terms. The Jeopardy! game show and all elements thereof, including but not limited to copyright and trademark thereto, are the property of Jeopardy Productions, Inc. and are protected under law. This website is not affiliated with, sponsored by, or operated by Jeopardy Productions, Inc. Join the discussion at JBoard.tv.